000 00539 a2200205 4500
005 20250321141908.0
008 250321b |||||||| |||| 00| 0 eng d
020 _a9781774697535
_cRs. 6995.00
040 _aMAIN
082 _a546
_bM856I
100 _aMotola, Martin
245 _aInorganic chemistry
260 _bToronto Academic press
_c2024
_aBurlington
300 _avii, 227
650 _aChemistry
650 _aInorganic Chemistry
650 _aChemistry -Inorganic
650 _aSolid State Chemistry
942 _cBK
999 _c360889
_d360889